Tendencias actuales en educación médica
সংরক্ষণ করুন:
| প্রধান লেখক: | |
|---|---|
| বিন্যাস: | গ্রন্থ |
| ভাষা: | স্প্যানিশ |
| প্রকাশিত: |
Valdivia
Universidad Austral
1981
|
| বিষয়গুলি: | |
| ট্যাগগুলো: |
ট্যাগ যুক্ত করুন
কোনো ট্যাগ নেই, প্রথমজন হিসাবে ট্যাগ করুন!
|
MARC
| LEADER | 00000nam a2200000 a 4500 | ||
|---|---|---|---|
| 001 | UCT8402 | ||
| 003 | CL-VaPUC | ||
| 008 | 970326e19810000CL |||||||||||||||||spa|d | ||
| 082 | 0 | 4 | |a 378.18 |b CRI |2 21 |
| 100 | 0 | |a Cristoffanini, Alberto P |e author |9 380132 | |
| 245 | 1 | 0 | |a Tendencias actuales en educación médica |
| 246 | 1 | 0 | |a Present trends in medical education |
| 300 | |a 110 p | ||
| 942 | |c BK | ||
| 945 | |d 19970326 00:00:00 |a nastorga | ||
| 260 | |a Valdivia |b Universidad Austral |c 1981 | ||
| 650 | 0 | |a Medicina |9 258507 | |
| 650 | 0 | |a Currículo |9 307290 | |
| 650 | 0 | |a Profesores |9 308968 | |
| 650 | 7 | |a SISTEMAS DE SALUD |2 CL-VaPUC |9 351700 | |
| 650 | 0 | |a Universidades |9 256317 | |
| 650 | 0 | |a Educación superior |9 223851 | |
| 583 | |a last modification |c 20170828 09:44:40 |k Rodrigo Vera | ||
| 999 | |c 256903 |d 256901 | ||
| 952 | |0 0 |1 0 |4 0 |6 378_180000000000000_CRI_1981 |7 0 |8 P |9 280022 |a BIBEDU |b BIBEDU |c BIBEDU_PB |d 2019-11-19 |i 3289850 |o 378.18 CRI 1981 |p 3289850 |r 2019-11-19 |w 2019-11-19 |y BK |k EDU | ||